| 000 | 00504nam a2200181Ia 4500 | ||
|---|---|---|---|
| 005 | 20250923144318.0 | ||
| 008 | 008 250917s9999 xx 000 0 eng d | ||
| 037 | _aTextual | ||
| 040 |
_aDSWL _beng _cDSWL |
||
| 041 |
_aeng _2eng |
||
| 084 |
_aY31:1:12:28:N3, H6.1 _qDSWL |
||
| 100 |
_aWernber, H _9823548 |
||
| 245 | 0 |
_aLand and the well _cby H Wernber |
|
| 260 | _aNew York | ||
| 300 | _a243 p. | ||
| 942 |
_cTEXL _hY31:1:12:28:N3, H6.1 |
||
| 999 |
_c1437322 _d1437322 |
||